Combate/ (Record no. 3133)
[ view plain ]
| 000 -LEADER | |
|---|---|
| campo de control de longitud fija | 01370nam a22003257a 4500 |
| 003 - IDENTIFICADOR DE NÚMERO DE CONTROL | |
| campo de control | OSt |
| 005 - FECHA Y HORA DE LA ÚLTIMA TRANSACCIÓN | |
| campo de control | 20230302155910.0 |
| 008 - DATOS DE LONGITUD FIJA--INFORMACIÓN GENERAL | |
| campo de control de longitud fija | 221006b |||||||| |||| 00| 0 eng d |
| 040 ## - FUENTE DE CATALOGACIÓN | |
| Centro/agencia transcriptor | Biblioteca Lado V |
| 082 ## - NÚMERO DE LA CLASIFICACIÓN DECIMAL DEWEY | |
| Número de clasificación | 320 |
| Número de ítem | M743c |
| 100 ## - ENTRADA PRINCIPAL--NOMBRE DE PERSONA | |
| 9 (RLIN) | 782 |
| Nombre de persona | Monge, Luis Alberto |
| Término indicativo de función/relación | director |
| 245 ## - MENCIÓN DEL TÍTULO | |
| Título | Combate/ |
| 260 ## - PUBLICACIÓN, DISTRIBUCIÓN, ETC. | |
| Nombre del editor, distribuidor, etc. | Instituto Internacional de Educación Política |
| Fecha de publicación, distribución, etc. | 1961 |
| Lugar de publicación, distribución, etc. | San Jose, Costa Rica |
| 300 ## - DESCRIPCIÓN FÍSICA | |
| Dimensiones | 18x25cm |
| Extensión | 79p. |
| 490 ## - MENCIÓN DE SERIE | |
| Mención de serie | 15 |
| Designación de volumen o secuencia | III |
| 505 ## - NOTA DE CONTENIDO CON FORMATO | |
| Título | La Libertad Amenazada |
| 505 ## - NOTA DE CONTENIDO CON FORMATO | |
| Título | Exodo Rural en Latinoamérica |
| Mención de responsabilidad | Estanislau Fischlowitz |
| 505 ## - NOTA DE CONTENIDO CON FORMATO | |
| Mención de responsabilidad | Alfredo Pareja Diezcanseco |
| Título | Democracia o Demagogia en el Ecuador |
| 505 ## - NOTA DE CONTENIDO CON FORMATO | |
| Mención de responsabilidad | Oscar Falchetti |
| Título | Hambre y Superpoblación |
| 505 ## - NOTA DE CONTENIDO CON FORMATO | |
| Mención de responsabilidad | Leon Pacheco |
| Título | Evolución del Pensamiento Democrático de Costa Rica |
| 505 ## - NOTA DE CONTENIDO CON FORMATO | |
| Mención de responsabilidad | Jose Antonio Ayala |
| Título | Cooperativismo Clave Económico del Paraguay |
| 505 ## - NOTA DE CONTENIDO CON FORMATO | |
| Mención de responsabilidad | Roger Mendieta Alfaro |
| Título | Panorama político Nicaragüense |
| 505 ## - NOTA DE CONTENIDO CON FORMATO | |
| Mención de responsabilidad | Peter R. Nehemkis Jr. |
| Título | Latinoamérica Claro Peligro Actual |
| 505 ## - NOTA DE CONTENIDO CON FORMATO | |
| Mención de responsabilidad | Jorge Mañach |
| Título | Perfil: Jose Marti Rompeolas de America |
| 505 ## - NOTA DE CONTENIDO CON FORMATO | |
| Título | Libros |
| 650 ## - PUNTO DE ACCESO ADICIONAL DE MATERIA--TÉRMINO DE MATERIA | |
| Fuente del encabezamiento o término | Tesauro de Arte & Arquitectura |
| Término de materia o nombre geográfico como elemento de entrada | CIENCIAS POLITICAS |
| 9 (RLIN) | 703 |
| 650 ## - PUNTO DE ACCESO ADICIONAL DE MATERIA--TÉRMINO DE MATERIA | |
| Fuente del encabezamiento o término | Tesauro de Arte & Arquitectura |
| Término de materia o nombre geográfico como elemento de entrada | POLITICA CENTROAMERICANA |
| 650 ## - PUNTO DE ACCESO ADICIONAL DE MATERIA--TÉRMINO DE MATERIA | |
| Fuente del encabezamiento o término | Tesauro de Arte & Arquitectura |
| Término de materia o nombre geográfico como elemento de entrada | PUBLICACION SERIADA |
| 942 ## - ELEMENTOS DE ENTRADA SECUNDARIOS (KOHA) | |
| Fuente del sistema de clasificación o colocación | Clasificación Decimal Dewey |
| Tipo de ítem Koha | Libros |
| Parte de la signatura que corresponde a la clasificación (Parte de la clasificación) | 320 |
| Parte de la signatura que identifica el ejemplar (Parte del ítem) | M743c |
| Suprimir en OPAC | No |
No items available.
